000 00516crm a2200193 i 4500
005 20250516114103.0
008 250516b |||||||| |||| 00| 0 eng d
040 _erda
092 _bGames
245 _aCubes
264 _aMinneapolis, MN :
_bJax,
_c2002
300 _aIncludes 50 playing chips, 6 colored cubes, 1 shaker cup, 1 scorepad & instructions.
520 _aAge 7+ 2-10 players
521 _aFamily
942 _2ddc
_cGAMES
999 _c407871
_d407871